书目信息 |
| 题名: |
水库大坝安全评价
|
|
| 作者: | 钮新强 , 杨启贵 , 谭界雄 编著 | |
| 分册: | ||
| 出版信息: | 北京 中国水利水电出版社 2007.08 |
|
| 页数: | 218页 | |
| 开本: | 26cm | |
| 丛书名: | ||
| 单 册: | ||
| 中图分类: | TV698.2 | |
| 科图分类: | ||
| 主题词: | 水库--shui ku--大坝--安全--评价 | |
| 电子资源: | ||
| ISBN: | 978-7-5084-4875-6 | |
| 000 | 01149nam0 2200277 450 | |
| 001 | 012008996790 | |
| 005 | 20080512120002.25 | |
| 010 | @a978-7-5084-4875-6@dCNY36.00 | |
| 100 | @a20080510d2007 em y0chiy0120 ea | |
| 101 | 0 | @achi |
| 102 | @aCN@b110000 | |
| 105 | @ay a 000yy | |
| 106 | @ar | |
| 200 | 1 | @a水库大坝安全评价@Ashui ku da ba an quan ping jia@f钮新强 ... [等] 编著@Fniu xin qiang...[deng]bian zhu |
| 210 | @a北京@c中国水利水电出版社@d2007.08 | |
| 215 | @a218页@d26cm | |
| 304 | @a题名页题: 钮新强, 杨启贵, 谭界雄, 周和清等编著 | |
| 320 | @a有书目 (第218页) | |
| 330 | @a本书以现行规程规范为标准,介绍了水库大坝安全评价报告的编制内容和要求。全书共分11章,从大坝运行管理、工程质量评价、防洪标准复核、结构安全评价、渗流安全评价、抗震安全评价、金属结构安全评价、现场安全检查、工程地质勘察、综合评价等方面,介绍了水库大坝安全评价各分项报告的编写内容与要求。 | |
| 606 | 0 | @a水库@Ashui ku@x大坝@x安全@x评价 |
| 690 | @aTV698.2@v4 | |
| 701 | 0 | @a钮新强@Aniu xin qiang@4编著 |
| 701 | 0 | @a杨启贵@Ayang qi gui@4编著 |
| 701 | 0 | @a谭界雄@Atan jie xiong@4编著 |
| 801 | 0 | @aCN@bQSSK@c20080512 |
| 905 | @b710029-30@dTV698.2@eN747@f2 | |
| 水库大坝安全评价/钮新强 ... [等] 编著.-北京:中国水利水电出版社,2007.08 |
| 218页;26cm |
| ISBN 978-7-5084-4875-6:CNY36.00 |
| 本书以现行规程规范为标准,介绍了水库大坝安全评价报告的编制内容和要求。全书共分11章,从大坝运行管理、工程质量评价、防洪标准复核、结构安全评价、渗流安全评价、抗震安全评价、金属结构安全评价、现场安全检查、工程地质勘察、综合评价等方面,介绍了水库大坝安全评价各分项报告的编写内容与要求。 |
| ● |
| 相关链接 |
|
|
|
正题名:水库大坝安全评价
索取号:TV698.2/N747
 
预约/预借
| 序号 | 登录号 | 条形码 | 馆藏地/架位号 | 状态 | 备注 |
| 1 | 710029 | 207100297 | 自科库501/501自科库 48排5列1层/ [索取号:TV698.2/N747] | 在馆 | |
| 2 | 710030 | 207100304 | 自科库501/501自科库 48排5列1层/ [索取号:TV698.2/N747] | 在馆 |